<?xml version="1.0" encoding="UTF-8"?>
<record
    xmlns:xsi="http://www.w3.org/2001/XMLSchema-instance"
    xsi:schemaLocation="http://www.loc.gov/MARC21/slim http://www.loc.gov/standards/marcxml/schema/MARC21slim.xsd"
    xmlns="http://www.loc.gov/MARC21/slim">

  <leader>00617nam a2200205Ia 4500</leader>
  <controlfield tag="003">3228</controlfield>
  <controlfield tag="005">20240202112306.0</controlfield>
  <controlfield tag="008">210805s9999    xx            000 0 und d</controlfield>
  <datafield tag="020" ind1=" " ind2=" ">
    <subfield code="a">9781770073999"</subfield>
    <subfield code="q">hbk</subfield>
  </datafield>
  <datafield tag="040" ind1=" " ind2=" ">
    <subfield code="c">3228</subfield>
  </datafield>
  <datafield tag="082" ind1=" " ind2=" ">
    <subfield code="a">793.21 DOD</subfield>
  </datafield>
  <datafield tag="100" ind1=" " ind2=" ">
    <subfield code="a">DODD JENNY</subfield>
    <subfield code="e">Author</subfield>
    <subfield code="9">2980</subfield>
  </datafield>
  <datafield tag="245" ind1=" " ind2="0">
    <subfield code="a">PARTY FUN!</subfield>
    <subfield code="c">Jenny Dodd (Author, Joy Clack (editor), Janine Damon (illustrator)</subfield>
  </datafield>
  <datafield tag="260" ind1=" " ind2=" ">
    <subfield code="b">de villiers Linda</subfield>
    <subfield code="c">2010</subfield>
  </datafield>
  <datafield tag="300" ind1=" " ind2=" ">
    <subfield code="a">167 Pages;</subfield>
    <subfield code="b">Colour Illustrations</subfield>
    <subfield code="c">30 cm</subfield>
  </datafield>
  <datafield tag="500" ind1=" " ind2=" ">
    <subfield code="a">include index</subfield>
  </datafield>
  <datafield tag="700" ind1=" " ind2=" ">
    <subfield code="a">Clack Joy</subfield>
    <subfield code="e">editor</subfield>
    <subfield code="9">56803</subfield>
  </datafield>
  <datafield tag="700" ind1=" " ind2=" ">
    <subfield code="a">Damon Janine</subfield>
    <subfield code="e">Illustrator</subfield>
    <subfield code="9">185795</subfield>
  </datafield>
  <datafield tag="942" ind1=" " ind2=" ">
    <subfield code="c">BOOK</subfield>
    <subfield code="2">ddc</subfield>
    <subfield code="y">209</subfield>
    <subfield code="z">Sizakele Vilanculo</subfield>
  </datafield>
  <datafield tag="999" ind1=" " ind2=" ">
    <subfield code="c">55239</subfield>
    <subfield code="d">55238</subfield>
  </datafield>
</record>
